The Simpsons: Homer's Barbershop Quartet Quiz Stats

 Plays Quiz Updated Dec 2, 2015

Score 0/30 Timer 06:00
1 Play Today
Question/Clue Answer % Correct
The episode contains numerous references to what legendary band?The Beatles
91%
What character is eventually chosen to be the fourth member of The Be Sharps?Barney Gumble
80.3%
Homer's group, (later called The Be Sharps), is initially composed of himself, Principal Skinner, Apu and _____.Chief Wiggum
72.3%
Homer is inspired to write a song called _____.Baby on Board
66.9%
A member of The Be Sharps begins dating a 'Japanese conceptual artist', who parodies what real-life musician?Yoko Ono
66.3%
Following his success Homer buys his father a Cadillac of what color?Pink
56.9%
Which famous musician introduces himself to Homer after the Grammys?George Harrison
55.7%
'Oh my God. Oh my God! Where did you get that _____'Brownie
46.9%
During the performance, a famous musician drives by, looks at the group and says what?'It's been done'
46.2%
Homer writes a song with the line 'There was nothing in ____'s vault. But it wasn't Geraldo's fault.'Al Capone
44.8%
Homer tells Bart not to talk like 'a grizzled 1890s ____ (consarn it).'Prospector
44.5%
At the tryouts to replace a member, Groundskeeper Willie sings what Petula Clark song?'Doontoon'
42.7%
What is the title of The Be Sharps' second album?Bigger Than Jesus
41.6%
What characters decide to listen to Paul Harvey instead of The Be Sharps?Grampa and Jasper
40.8%
At the end of the episode, The Be Sharps do a special rooftop concert, distracting the crowd from who (hint: he spent all night dyeing his underwear)?The Human Fly
39.6%
Question/Clue Answer % Correct
During a Be Sharps performance, what character decides to hit a group member with a rock (but politely decides to wait until the end of the performance)?Snake
39.5%
'Principal Skinner, you've been referred to as '_____.' Is that reputation justified?'The funny one
38.5%
Comic Book Guy plays Bart and Lisa a song that parodies what cartoon band?Alvin and the Chipmunks
35.4%
The Be Sharps do a special performance to commemorate what landmark?The Statue of Liberty
35.1%
What character gives a speech at the Springfield swap meet?Mayor Quimby
34%
During Homer's musical career, what replaced him at the Power Plant?A Chicken
33.1%
Ned Flanders sells religious trading cards, including a '_____ Rookie Card'.Methuselah
31.3%
At the swap meet, Bart buys a 'pencil holder', which is actually a what?A bong
30.9%
Homer pretends to not be married during The Be Sharps' tour of what country?Sweden
26.8%
What character says 'I made millions in software and lost it at the track.'Groundskeeper Willie
23.6%
Lisa says that Homer's group won the Grammy over which band (to which Homer responds 'Well, you haven't heard the last of them')?Dexys Midnight Runners
23.5%
The Be Sharps do several shows at Moe's which has been renamed _____.Moe's Cavern
20.7%
To earn some money at the swap meet, Homer sold what?Spare tire
20.6%
The group wins a Grammy, presented by what musician?David Crosby
20.1%
During a recording session, Apu tells Homer 'This is worse than your song about _____.'Mr. T
15.8%

You're not logged in!

Compare scores with friends on all Sporcle quizzes.
OR
Log In

You Might Also Like...

Show Comments

Extras

Top Quizzes Today


Score Distribution

Your Account Isn't Verified!

In order to create a playlist on Sporcle, you need to verify the email address you used during registration. Go to your Sporcle Settings to finish the process.

Report this User

Report this user for behavior that violates our Community Guidelines.

Details: